Advanced inorganic chemistry. / (Record no. 10380)
[ view plain ]
| 000 -LEADER | |
|---|---|
| fixed length control field | 00777pam a2200253 a 4500 |
| 001 - CONTROL NUMBER | |
| control field | 10380 |
| 003 - CONTROL NUMBER IDENTIFIER | |
| rucl marc code | BD-RjUL |
| 005 - DATE AND TIME OF LATEST TRANSACTION | |
| control field | 20211208234937.0 |
| 008 - FIXED-LENGTH DATA ELEMENTS--GENERAL INFORMATION | |
| fixed length control field | 140123s1999 nyua b 001 0 eng |
| 020 ## - INTERNATIONAL STANDARD BOOK NUMBER | |
| International Standard Book Number | 0471199575 (alk. paper) |
| 035 ## - SYSTEM CONTROL NUMBER | |
| System control number | (BD-RjUL)10428 |
| 040 ## - CATALOGING SOURCE | |
| Original cataloging agency | DLC |
| Transcribing agency | DLC |
| Modifying agency | DLC |
| -- | BD-RjUL |
| Language of cataloging | eng |
| 041 ## - LANGUAGE CODE | |
| Language code of text/sound track or separate title | eng |
| 082 00 - DEWEY DECIMAL CLASSIFICATION NUMBER | |
| Classification number | 546 |
| Edition number | 21 |
| Author mark and year | ADV 1999 |
| 245 00 - TITLE STATEMENT | |
| Title | Advanced inorganic chemistry. / |
| Statement of responsibility, etc. | by Cotton, F. Albert [et al...] |
| 250 ## - EDITION STATEMENT | |
| Edition statement | 6th ed. / |
| 260 ## - PUBLICATION, DISTRIBUTION, ETC. (IMPRINT) | |
| Place of publication, distribution, etc. | New York : |
| Name of publisher, distributor, etc. | Wiley, |
| Date of publication, distribution, etc. | c1999. |
| 300 ## - PHYSICAL DESCRIPTION | |
| Pagination | xv, 1355 p. : |
| Illustrations | ill. ; |
| Size | 26 cm. |
| 504 ## - BIBLIOGRAPHY, ETC. NOTE | |
| Bibliography, etc | Includes bibliographical references and index. |
| 650 #0 - SUBJECT ADDED ENTRY--TOPICAL TERM | |
| Topical term or geographic name as entry element | Chemistry, Inorganic. |
| 9 (RLIN) | 32093 |
| 700 1# - ADDED ENTRY--PERSONAL NAME | |
| Personal name | Cotton, F. Albert |
| Fuller form of name | (Frank Albert), |
| Dates associated with a name | 1930-2007. |
| 942 ## - ADDED ENTRY ELEMENTS (KOHA) | |
| Source of classification or shelving scheme | Dewey Decimal Classification |
| Koha item type | Books |
| Lost status | Source of classification or shelving scheme | Damaged status | Not for loan | Collection code | Permanent Location | Current Location | Shelving location | Date acquired | Source of acquisition | Cost, normal purchase price | Total Checkouts | Full call number | Date last seen | Date checked out | Copy number | Koha item type |
|---|---|---|---|---|---|---|---|---|---|---|---|---|---|---|---|---|
| Dewey Decimal Classification | Non-fiction | Central Library, University of Rajshahi | Central Library, University of Rajshahi | 03/05/2008 | Dhaka, Paragon Enterprises Ltd. | 150.00 | 2 | 546 ADV 1999 | 02/08/2017 | 02/08/2017 | C-3 | Books | ||||
| Dewey Decimal Classification | Non-fiction | Central Library, University of Rajshahi | Central Library, University of Rajshahi | 03/05/2008 | Paragogn Enterprise, Dhaka | 150.00 | 546 ADV 1999 | 31/10/2016 | C-2 | Books | ||||||
| Dewey Decimal Classification | Not For Loan | Non-fiction | Central Library, University of Rajshahi | Central Library, University of Rajshahi | Reading Room | 03/05/2008 | Dhaka, Paragon Enterprises ltd. | 150.00 | 546 ADV 1999 | 16/04/2017 | C-1 | Books |